000 00269nam a2200097Ia 4500
001 1146917
005 20250827010300.0
008 250824s9999 xx 000 0 und d
245 0 _aGÖKKUŞAĞI HİKAYELERİ
_cAHMET EFE
260 _bMİLLİ EĞİTİM BAKANLIĞI YAYINLARI
999 _c1146917
_d1146917